000 00454pab a2200157 454500
008 180718b2005 xxu||||| |||| 00| 0 eng d
100 _aReddy, A. Raghunadha
245 _aLegal reforms through judicial law-making: a critical appraisal from Roman law to common law
260 _c2005
300 _ap.469-82.
362 _aOct-Dec
650 _aJudiciary
650 _aLegal systems
773 _aJournal of the Indian Law Institute
909 _a69361
999 _c69361
_d69361